| 000 | 00526nam a2200145Ia 4500 | ||
|---|---|---|---|
| 008 | 170221s9999 xx 000 0 und d | ||
| 100 | _aKarishma Chatterjee | ||
| 245 | 4 | _aThe Role of Communicating Uncertainty and Information Subsidies on News Media Representation of the Female Condom’s Efficacy | |
| 245 | _cKarishma Chatterjee | ||
| 260 | _bStudies in Media and Communication | ||
| 260 | _c2016 | ||
| 650 | _xCommunication | ||
| 650 | _xMedia Arts | ||
| 856 | _uhttp://redfame.com/journal/index.php/smc/issue/view/14 | ||
| 999 |
_c309102 _d309102 |
||